Enfants terribles (Les)
| Auteur principal: | Herzet |
|---|---|
| D'autres auteurs: | Rafa Sandoval Henscher |
| Support: | Livres |
| Langue: | |
| Publié: |
2015 Lombard Bruxelles (Belgique) |
| Series: |
(Les )Prométhéens |
| Genre: |
Bandes déssinées ADULTE |
| Collection: |
Les prometheens |
| Sujets: |
BD Adultes
BD adulte Adultes BD Adulte Fantasy |
| Étiquettes: |
Ajouter
Pas de Tags !
|
| LEADER | 00819nam0a2200265 450 | ||
|---|---|---|---|
| 001 | 16822444 | ||
| 010 | |a 978-2-8036-3575-7 | ||
| 100 | |a 20151023d2015 u u0frey01 ba | ||
| 200 | 0 | |a Enfants terribles (Les) |f Herzet, Rafa Sandoval, Henscher | |
| 207 | 1 | |a | |
| 210 | |a Bruxelles (Belgique) |b avenue Paul Henri Spaak 1-11. |c Lombard |d 2015 | ||
| 215 | |a 48 p |d 32 cm | ||
| 225 | 1 | |a Les prometheens | |
| 461 | 0 | |t (Les )Prométhéens |v 2 | |
| 610 | 0 | |a BD Adultes | |
| 610 | 0 | |a BD adulte | |
| 610 | 0 | |a Adultes | |
| 610 | 0 | |a BD Adulte | |
| 610 | 0 | |a Fantasy | |
| 700 | 0 | |a Herzet |4 90 | |
| 701 | 0 | |a Sandoval |b Rafa |4 0 | |
| 701 | 0 | |a Henscher |f 1976-.... |4 90 | |
| 900 | |a Bandes déssinées ADULTE | ||
| 901 | |a Accessible au prêt | ||
| 995 | |a Bibliothèque |c Bibliothèque |f 024016358 |h 024016358 |k BDA HER |o p |q a |r az |e Bibliothèque | ||
